[Event "XXXI Festival A"]
[Site "Arco ITA"]
[Date "2009.10.18"]
[Round "2"]
[White "Pisani, Valerio"]
[Black "Nicolodi, Raoul"]
[Result "0-1"]
[WhiteElo "1789"]
[BlackElo "1909"]
[PlyCount "48"]
[EventDate "2009.10.17"]

1. e4 e6 2. Nf3 d5 3. exd5 exd5 4. d4 Nc6 5. c3 Bd6 6. Qb3 Nge7 7. Bg5 O-O 8.
Nbd2 Re8 9. O-O-O f6 10. Bh4 Bf5 11. c4 Na5 12. Qc3 Nxc4 13. Nxc4 dxc4 14.
Bxc4+ Kh8 15. Bg3 c6 16. Nh4 Be4 17. Bd3 Nd5 18. Qb3 Bxd3 19. Qxd3 Nb4 20. Qb1
Re2 21. Nf5 Qa5 22. a3 Bxg3 23. hxg3 Rc2+ 24. Qxc2 Nxc2 0-1

[Event "XXXI Festival A"]
[Site "Arco ITA"]
[Date "2009.10.18"]
[Round "2"]
[White "Rigo, Marco"]
[Black "De Polzer, Manfredi"]
[Result "1-0"]
[WhiteElo "1908"]
[BlackElo "1812"]
[PlyCount "59"]
[EventDate "2009.10.17"]

1. d4 Nf6 2. c4 e5 3. dxe5 Ng4 4. Nf3 Bc5 5. e3 Nc6 6. Qd5 Qe7 7. a3 a5 8. Nbd2
Ncxe5 9. Nxe5 Nxe5 10. Nb3 d6 11. Bd2 c6 12. Qe4 f5 13. Qc2 Bb6 14. Be2 O-O 15.
Bc3 a4 16. Nd4 f4 17. O-O Bxd4 18. exd4 f3 19. dxe5 fxg2 20. Rfe1 Qf7 21. Bd3
dxe5 22. Bxh7+ Kh8 23. Bxe5 Be6 24. Bg6 Bf5 25. Bxf5 Qxf5 26. Qxf5 Rxf5 27.
Rad1 Raf8 28. f4 R8f7 29. Re3 Rh5 30. Rd2 1-0

[Event "XXXI Festival A"]
[Site "Arco ITA"]
[Date "2009.10.18"]
[Round "2"]
[White "Salati, Paolo"]
[Black "Cento, Claudio"]
[Result "1-0"]
[WhiteElo "1866"]
[BlackElo "1661"]
[PlyCount "51"]
[EventDate "2009.10.17"]

1. e4 c5 2. Nf3 d6 3. Nc3 Nf6 4. d3 Nc6 5. Bg5 e6 6. Be2 a6 7. O-O b5 8. a3 Be7
9. Qd2 Rb8 10. Na2 a5 11. Rfe1 h6 12. Bxf6 Bxf6 13. c3 e5 14. h3 h5 15. b4 g5
16. Nh2 g4 17. hxg4 hxg4 18. Bxg4 Bxg4 19. Nxg4 Bg5 20. Qe2 Bf4 21. g3 f5 22.
exf5 Qg5 23. Qf3 Kd7 24. gxf4 exf4 25. Qg2 f3 26. Ne5+ 1-0

[Event "XXXI Festival A"]
[Site "Arco ITA"]
[Date "2009.10.18"]
[Round "2"]
[White "Savarese, Vincenzo"]
[Black "Ciola, Alberto"]
[Result "0-1"]
[WhiteElo "1810"]
[BlackElo "1920"]
[PlyCount "62"]
[EventDate "2009.10.17"]

1. e4 c5 2. c3 Nc6 3. d4 cxd4 4. cxd4 d5 5. exd5 Qxd5 6. Nf3 e6 7. Nc3 Bb4 8.
Bd3 Nge7 9. O-O Qd8 10. Bf4 a6 11. Rc1 Nd5 12. Bg3 Bd6 13. Bh4 Be7 14. Nxd5
Bxh4 15. Nc7+ Qxc7 16. Nxh4 Qd6 17. Nf3 h6 18. Be4 O-O 19. Bxc6 bxc6 20. Ne5
Bb7 21. Qa4 Rfd8 22. Rfd1 Rac8 23. Nc4 Qf4 24. Ne3 c5 25. Qb3 cxd4 26. Rxc8
Bxc8 27. Qb6 Qd6 28. Qxd6 Rxd6 29. f4 f6 30. a3 e5 31. Nf5 Bxf5 0-1

[Event "XXXI Festival A"]
[Site "Arco ITA"]
[Date "2009.10.18"]
[Round "2"]
[White "Schaberg, Wolfgang"]
[Black "Ager, Josef"]
[Result "0-1"]
[WhiteElo "1943"]
[BlackElo "2226"]
[PlyCount "56"]
[EventDate "2009.10.17"]

1. e4 g6 2. d4 Bg7 3. Nc3 c6 4. Bc4 b5 5. Bb3 d6 6. Nf3 a5 7. a4 b4 8. Nb1 Nf6
9. Nbd2 Ba6 10. c3 d5 11. Qc2 Nbd7 12. c4 O-O 13. O-O e6 14. Re1 Rc8 15. e5 Nh5
16. c5 Nf4 17. Nf1 Nd3 18. Rd1 Nxc1 19. Qxc1 f6 20. Re1 fxe5 21. dxe5 Qe7 22.
Qe3 Nxc5 23. Rac1 Nxb3 24. Qxb3 Bh6 25. Ne3 c5 26. Rcd1 Bb7 27. Ng4 Bg7 28. h4
Rf4 0-1

[Event "XXXI Festival A"]
[Site "Arco ITA"]
[Date "2009.10.18"]
[Round "2"]
[White "Sigmund, Ingenuin"]
[Black "Maneschi, Giuseppe"]
[Result "1/2-1/2"]
[WhiteElo "1825"]
[BlackElo "2072"]
[PlyCount "85"]
[EventDate "2009.10.17"]

1. e4 g6 2. d4 Bg7 3. Nf3 d6 4. h3 c5 5. Bc4 cxd4 6. Nxd4 Nf6 7. Nc3 O-O 8. Be3
Nc6 9. O-O Nxe4 10. Bxf7+ Rxf7 11. Nxe4 Bxd4 12. Bxd4 d5 13. Ng5 Rf5 14. f4 e5
15. Be3 d4 16. g4 Rxg5 17. fxg5 dxe3 18. Qf3 Be6 19. Qxe3 Qe7 20. Rf2 Rf8 21.
Raf1 Rxf2 22. Rxf2 Bd5 23. Rd2 Bf7 24. b3 Be6 25. c3 Qa3 26. Rf2 Qe7 27. b4 a6
28. a4 Bc8 29. b5 axb5 30. axb5 Na5 31. Ra2 Nc4 32. Qe4 Be6 33. Kh2 Nb6 34.
Qxe5 Qd7 35. Rf2 Nc4 36. Qc5 Qc8 37. Qe7 Qb8+ 38. Kg1 Qg3+ 39. Rg2 Qe3+ 40. Kh2
Qf4+ 41. Kg1 Qe3+ 42. Kh2 Qf4+ 43. Kg1 1/2-1/2

[Event "XXXI Festival A"]
[Site "Arco ITA"]
[Date "2009.10.18"]
[Round "2"]
[White "Sprea, Giuseppe"]
[Black "Vuelban, Virgilio"]
[Result "0-1"]
[WhiteElo "2018"]
[BlackElo "2405"]
[PlyCount "90"]
[EventDate "2009.10.17"]

1. Nf3 Nf6 2. c4 g6 3. Nc3 Bg7 4. b3 d6 5. Bb2 c5 6. e4 Nc6 7. d3 O-O 8. Be2
Nh5 9. Qd2 e5 10. Nd5 Ne7 11. Nxe7+ Qxe7 12. g3 f5 13. Nh4 Nf6 14. exf5 gxf5
15. Qg5 Nd5 16. Qxe7 Nxe7 17. O-O Be6 18. f4 exf4 19. Bxg7 Kxg7 20. Rxf4 Ng6
21. Nxg6 hxg6 22. h4 Rae8 23. Bf3 b6 24. Re1 Bd7 25. Kf1 Kf6 26. Bd5 Re5 27. d4
Rxe1+ 28. Kxe1 g5 29. hxg5+ Kxg5 30. dxc5 dxc5 31. Kf2 Be8 32. Rh4 Bh5 33. Rh1
Bf7 34. Bf3 a6 35. Rd1 b5 36. cxb5 axb5 37. Be2 c4 38. bxc4 bxc4 39. Rc1 Ra8
40. Bxc4 Rc8 41. Bxf7 Rxc1 42. Be6 Rc2+ 43. Kf3 Rc3+ 44. Kf2 Kg4 45. a4 Rf3+
0-1

[Event "XXXI Festival A"]
[Site "Arco ITA"]
[Date "2009.10.18"]
[Round "2"]
[White "Terna, Giovanni"]
[Black "Riepma, Henk"]
[Result "1/2-1/2"]
[WhiteElo "1766"]
[BlackElo "2117"]
[PlyCount "97"]
[EventDate "2009.10.17"]

1. Nf3 d5 2. g3 Nf6 3. Bg2 c6 4. d3 Bf5 5. Nbd2 e6 6. O-O Nbd7 7. Re1 Bc5 8. h3
Qc7 9. Nf1 h6 10. a3 g5 11. b4 Bd6 12. N3d2 Bg6 13. Bb2 Rg8 14. c4 b6 15. Rc1
Kf8 16. cxd5 exd5 17. e4 c5 18. d4 Nxe4 19. Nxe4 dxe4 20. dxc5 bxc5 21. bxc5
Bxc5 22. Qd5 Rc8 23. Bd4 Qc6 24. Bxc5+ Nxc5 25. Qxc6 Rxc6 26. Red1 Ke7 27. Ne3
Rgc8 28. Nd5+ Ke6 29. Nb4 R6c7 30. Bf1 Nd3 31. Nxd3 exd3 32. Rxc7 Rxc7 33. Bxd3
Bxd3 34. Rxd3 h5 35. Kf1 Rc4 36. Ke2 f5 37. Kd2 Ke5 38. Ke2 Re4+ 39. Kd2 Ra4
40. Ke3 f4+ 41. Kf3 fxg3 42. fxg3 a5 43. Ke3 h4 44. g4 Re4+ 45. Kf3 Rc4 46. Ke3
a4 47. Kf3 Rc2 48. Re3+ Kf6 49. Ke4 1/2-1/2

[Event "XXXI Festival A"]
[Site "Arco ITA"]
[Date "2009.10.18"]
[Round "2"]
[White "Thurner, Markus"]
[Black "Hasberger, Walter"]
[Result "1/2-1/2"]
[WhiteElo "1728"]
[BlackElo "1894"]
[PlyCount "48"]
[EventDate "2009.10.17"]

1. f4 f5 2. e4 d6 3. Bc4 Nf6 4. e5 dxe5 5. fxe5 Nd5 6. Nf3 e6 7. d4 Be7 8. Bxd5
Qxd5 9. O-O c6 10. Nc3 Qd8 11. Ne2 b6 12. Nf4 Na6 13. c3 Nc7 14. Nd2 O-O 15.
Nh3 c5 16. Nf3 cxd4 17. cxd4 Bb7 18. Nfg5 Bxg5 19. Nxg5 Qd5 20. Rf2 Rad8 21.
Qh5 h6 22. Nf3 Kh7 23. Ng5+ Kg8 24. Nf3 Kh7 1/2-1/2

[Event "XXXI Festival A"]
[Site "Arco ITA"]
[Date "2009.10.18"]
[Round "2"]
[White "Tovazzi, Maurizio"]
[Black "Pistone, Salvatore"]
[Result "1-0"]
[WhiteElo "1643"]
[BlackElo "1864"]
[PlyCount "73"]
[EventDate "2009.10.17"]

1. d4 d5 2. Nf3 Nf6 3. e3 e6 4. c4 c5 5. Nc3 Nc6 6. Qc2 Be7 7. a3 O-O 8. cxd5
exd5 9. Be2 Bg4 10. O-O c4 11. h3 Bh5 12. Nh4 Bxe2 13. Qxe2 Qd7 14. Nf3 a6 15.
Nh2 Bd6 16. Ng4 Nxg4 17. Qxg4 Qxg4 18. hxg4 f5 19. Nxd5 b5 20. gxf5 Rxf5 21.
Nc3 Rh5 22. g3 Rf8 23. f4 Na5 24. Kg2 Nb3 25. Rb1 g5 26. Ne4 Be7 27. Nd2 Nxc1
28. Rbxc1 gxf4 29. gxf4 Rf7 30. Rg1 Rg7+ 31. Kf3 Rh2 32. Rxg7+ Kxg7 33. Rg1+
Kf7 34. Rg2 Rh1 35. Ne4 h6 36. d5 Rd1 37. Nc3 1-0

[Event "XXXI Festival A"]
[Site "Arco ITA"]
[Date "2009.10.18"]
[Round "2"]
[White "Trauth, Michael"]
[Black "Blasco, Domenico"]
[Result "1-0"]
[WhiteElo "2185"]
[BlackElo "1984"]
[PlyCount "57"]
[EventDate "2009.10.17"]

1. c4 c5 2. g3 g6 3. Bg2 Bg7 4. Nf3 Nc6 5. Nc3 e5 6. a3 Nge7 7. d3 O-O 8. Rb1
a5 9. Nd2 d6 10. Nf1 f5 11. Ne3 f4 12. Ned5 Nxd5 13. Nxd5 g5 14. e3 fxg3 15.
hxg3 Bf5 16. e4 Bg6 17. Qg4 h6 18. Be3 Nd4 19. Bxd4 cxd4 20. f4 Bf7 21. fxg5
hxg5 22. Qf5 Re8 23. Qh7+ Kf8 24. O-O Re7 25. Rf2 Rc8 26. Rbf1 Rcc7 27. Bh3 Qb8
28. Nxe7 Rxe7 29. Be6 1-0

[Event "XXXI Festival A"]
[Site "Arco ITA"]
[Date "2009.10.18"]
[Round "2"]
[White "Trimarchi, Giuseppe"]
[Black "Stolfa, Rodolfo"]
[Result "1-0"]
[WhiteElo "1722"]
[BlackElo "1886"]
[PlyCount "129"]
[EventDate "2009.10.17"]

1. e4 e5 2. Nf3 Nc6 3. Bb5 d6 4. d4 exd4 5. Nxd4 Bd7 6. Bxc6 bxc6 7. O-O Nf6 8.
Nc3 Be7 9. Re1 O-O 10. h3 h6 11. Qd3 Nh7 12. Be3 c5 13. Nf3 c6 14. Rad1 Be6 15.
Bf4 c4 16. Qe3 Qc7 17. Rd2 Rfd8 18. Red1 Rd7 19. Nd4 Rad8 20. Nf5 Bxf5 21. exf5
Bg5 22. Qg3 Bxf4 23. Qxf4 Nf6 24. Qxc4 d5 25. Qc5 Qb6 26. Qxb6 axb6 27. Re2 Kf8
28. Rde1 b5 29. a3 Re8 30. Rxe8+ Nxe8 31. Kf1 Nd6 32. g4 Nc4 33. Nd1 d4 34. Re2
Re7 35. Ke1 Ne5 36. Kf1 Nf3 37. Rxe7 Kxe7 38. Ke2 Ne5 39. f4 Nd7 40. Kd3 c5 41.
Nf2 Kd6 42. c4 dxc3 43. Ne4+ Kc6 44. Kxc3 Kd5 45. Kd3 c4+ 46. Ke3 Nf8 47. h4
Nd7 48. Nc3+ Kc5 49. g5 h5 50. Ke4 Nb8 51. f6 gxf6 52. gxf6 b4 53. axb4+ Kxb4
54. Nd5+ Kb3 55. Nb6 c3 56. bxc3 Kxc3 57. Nc8 Nc6 58. Ne7 Nd4 59. f5 Ne2 60.
Nc6 Kd2 61. Ne5 Nc3+ 62. Kf4 Nd5+ 63. Kg3 Ke3 64. Nxf7 Ke4 65. Nd6+ 1-0

[Event "XXXI Festival A"]
[Site "Arco ITA"]
[Date "2009.10.18"]
[Round "2"]
[White "Van Riemsdijk, Herman C."]
[Black "Kierzek, Mira"]
[Result "1-0"]
[WhiteElo "2385"]
[BlackElo "2043"]
[PlyCount "35"]
[EventDate "2009.10.17"]

1. e4 d5 2. exd5 Qxd5 3. Nf3 Nf6 4. d4 Bg4 5. Be2 e6 6. O-O Be7 7. c4 Qd8 8.
Qb3 b6 9. Nc3 O-O 10. Be3 Nbd7 11. Rfd1 c6 12. h3 Bh5 13. Bf4 Qc8 14. a4 Rd8
15. a5 h6 16. Ra4 Qb7 17. Rda1 Rdc8 18. a6 1-0

[Event "XXXI Festival A"]
[Site "Arco ITA"]
[Date "2009.10.18"]
[Round "2"]
[White "Virzi, Ettore"]
[Black "Manca, Federico"]
[Result "0-1"]
[WhiteElo "1986"]
[BlackElo "2356"]
[PlyCount "78"]
[EventDate "2009.10.17"]

1. e4 d6 2. d4 Nf6 3. Nc3 g6 4. Be3 c6 5. Qd2 b5 6. Bd3 Nbd7 7. h3 Qc7 8. Nf3
Bg7 9. O-O O-O 10. Rae1 e5 11. dxe5 dxe5 12. Ne2 Re8 13. Ng3 Nf8 14. c4 a6 15.
Rc1 Rb8 16. cxb5 axb5 17. b4 Ne6 18. Qc3 Nf4 19. Rfd1 Nxd3 20. Qxd3 Be6 21. Qd6
Qxd6 22. Rxd6 Bxa2 23. Rdxc6 Bc4 24. Rd1 Bb3 25. Rd3 Ba2 26. Rd2 Be6 27. Rd1
Red8 28. Rxd8+ Rxd8 29. Rb6 Bc4 30. Nxe5 Nxe4 31. Nxc4 Nxg3 32. Nd6 Ne2+ 33.
Kf1 Nc3 34. g3 Nd5 35. Rc6 Nxb4 36. Rc7 Nd5 37. Rc8 Rxc8 38. Nxc8 b4 39. Ke2 b3
0-1

[Event "XXXI Festival A"]
[Site "Arco ITA"]
[Date "2009.10.18"]
[Round "2"]
[White "Wagner, Frank"]
[Black "Innocenti, Sandro"]
[Result "1-0"]
[WhiteElo "1929"]
[BlackElo "1701"]
[PlyCount "81"]
[EventDate "2009.10.17"]

1. Nf3 Nf6 2. g3 d5 3. Bg2 c6 4. O-O Bg4 5. d3 e6 6. Nbd2 Bd6 7. c4 O-O 8. a3
a5 9. Rb1 Nbd7 10. b4 axb4 11. axb4 b5 12. Nd4 bxc4 13. dxc4 Qc7 14. b5 c5 15.
Nc6 Nb8 16. Nxb8 Raxb8 17. Bb2 Rfd8 18. Bxf6 gxf6 19. cxd5 exd5 20. f3 Bd7 21.
Qa4 Be5 22. f4 Bd4+ 23. Kh1 Be6 24. Nf3 Bc3 25. Rfc1 Bf5 26. b6 Qd7 27. Qxd7
Rxd7 28. Rb5 Bb4 29. Nd4 Bg4 30. Nc6 Rbb7 31. Nxb4 cxb4 32. Rxb4 Bxe2 33. Kg1
Rd6 34. Rcb1 Bd3 35. R1b2 Bc4 36. Rxc4 dxc4 37. Bxb7 c3 38. Rc2 Rxb6 39. Be4
Re6 40. Bf5 Re1+ 41. Kf2 1-0

[Event "XXXI Festival A"]
[Site "Arco ITA"]
[Date "2009.10.18"]
[Round "2"]
[White "Weinberg, Emanuele"]
[Black "Matei, Bogdan Stefan"]
[Result "1-0"]
[WhiteElo "1874"]
[BlackElo "1707"]
[PlyCount "69"]
[EventDate "2009.10.17"]

1. d4 c6 2. c4 d5 3. cxd5 cxd5 4. Nc3 e6 5. Bf4 a6 6. e3 Nf6 7. Bd3 Nc6 8. a3
g6 9. Nf3 Bg7 10. h3 O-O 11. O-O Re8 12. Rc1 Nd7 13. Be2 Nb6 14. Na4 Nxa4 15.
Qxa4 Bd7 16. Qc2 e5 17. dxe5 Nxe5 18. Nd4 Nc6 19. Nxc6 Bxc6 20. Rfd1 Qb6 21. b4
a5 22. b5 Bd7 23. Rxd5 Rac8 24. Qd2 Bxh3 25. Rd6 Rcd8 26. gxh3 Rxd6 27. Qxd6
Qxd6 28. Bxd6 Rd8 29. Be7 Re8 30. Rc7 b6 31. Bg4 f5 32. Be2 f4 33. Bc4+ Kh8 34.
Be6 Bf8 35. Bf6+ 1-0

[Event "XXXI Festival A"]
[Site "Arco ITA"]
[Date "2009.10.18"]
[Round "2"]
[White "Wohl, Aleksandar H."]
[Black "Paggiaro, Luca"]
[Result "1-0"]
[WhiteElo "2417"]
[BlackElo "2049"]
[PlyCount "85"]
[EventDate "2009.10.17"]

1. e4 e5 2. Nf3 Nc6 3. Bb5 a6 4. Ba4 b5 5. Bb3 Be7 6. d4 d6 7. dxe5 Nxe5 8.
Nxe5 dxe5 9. Qh5 g6 10. Qxe5 Nf6 11. Nc3 O-O 12. Bh6 Bd6 13. Qg5 Re8 14. O-O-O
Ng4 15. Qxd8 Rxd8 16. Bg5 Re8 17. Bh4 Be6 18. h3 Bxb3 19. axb3 Ne5 20. f4 Nc6
21. e5 Be7 22. Bxe7 Nxe7 23. Rd7 Rac8 24. Ne4 Kf8 25. Nf6 Red8 26. Nxh7+ Ke8
27. Nf6+ Kf8 28. Rhd1 Rxd7 29. Rxd7 c5 30. Ra7 c4 31. bxc4 Rxc4 32. g3 Rc6 33.
Nd7+ Ke8 34. Nb8 Rc8 35. Nxa6 Nf5 36. Nc7+ Kf8 37. Nxb5 Nxg3 38. Nd6 Rd8 39.
Rxf7+ Kg8 40. Rf6 Kg7 41. f5 gxf5 42. Nxf5+ Nxf5 43. Rxf5 1-0

[Event "XXXI Festival A"]
[Site "Arco ITA"]
[Date "2009.10.18"]
[Round "2"]
[White "Zucchelli, Massimo"]
[Black "Dappiano, Andrea"]
[Result "1-0"]
[WhiteElo "2159"]
[BlackElo "1975"]
[PlyCount "59"]
[EventDate "2009.10.17"]

1. d4 d6 2. Nf3 Bg4 3. c4 Nd7 4. Nc3 Ngf6 5. g3 e5 6. Bg2 Be7 7. O-O O-O 8.
dxe5 dxe5 9. Qc2 c6 10. b3 Qc7 11. Bb2 Rfe8 12. Rad1 Bf8 13. h3 Bh5 14. Nh4 Nc5
15. g4 Bg6 16. Nxg6 hxg6 17. Rd2 Ne6 18. e3 Rad8 19. Rfd1 Rxd2 20. Rxd2 Rd8 21.
Rxd8 Qxd8 22. Ne4 Nxe4 23. Bxe4 Qh4 24. Bxe5 Qxh3 25. Qd1 Bc5 26. Bg2 Qh6 27.
Bg3 Qg5 28. Qd7 Qxg4 29. Qxb7 Bxe3 30. Qb8+ 1-0

[Event "XXXI Festival A"]
[Site "Arco ITA"]
[Date "2009.10.19"]
[Round "3"]
[White "Arakhamia-Grant, Ketevan"]
[Black "Trauth, Michael"]
[Result "1-0"]
[WhiteElo "2499"]
[BlackElo "2185"]
[PlyCount "87"]
[EventDate "2009.10.17"]

1. e4 c5 2. Nf3 Nc6 3. d4 cxd4 4. Nxd4 g6 5. c4 Nf6 6. Nc3 d6 7. Be2 Nxd4 8.
Qxd4 Bg7 9. Bg5 O-O 10. Qd2 a5 11. O-O a4 12. f3 Qa5 13. Rac1 Be6 14. Rfd1 Bxc4
15. Bxc4 Qc5+ 16. Be3 Qxc4 17. Nd5 Qxa2 18. Ra1 Qb3 19. Ra3 Qb5 20. Nc7 Qd7 21.
Nxa8 Rxa8 22. Bd4 Qb5 23. b3 Nd7 24. Rda1 Nc5 25. Bxg7 Nxb3 26. Qb2 Qc5+ 27.
Kh1 Nxa1 28. Bd4 Qc2 29. Rxa1 Qxb2 30. Bxb2 b5 31. Ba3 Kf8 32. Kg1 Ke8 33. Rc1
Kd7 34. Kf2 Rb8 35. Bb4 Ra8 36. Rc3 Ra6 37. Ke3 e5 38. Kd2 f5 39. Rd3 Ke6 40.
Ba3 fxe4 41. fxe4 Rc6 42. Rd5 Rc4 43. Rxd6+ Kf7 44. Kd3 1-0

[Event "XXXI Festival A"]
[Site "Arco ITA"]
[Date "2009.10.19"]
[Round "3"]
[White "Bernardi, Ruben"]
[Black "Naumkin, Igor"]
[Result "0-1"]
[WhiteElo "2162"]
[BlackElo "2450"]
[PlyCount "62"]
[EventDate "2009.10.17"]

1. e4 e6 2. d3 d5 3. Nd2 Nc6 4. g3 Nf6 5. Bg2 dxe4 6. dxe4 e5 7. Ne2 Bc5 8. O-O
O-O 9. Nb3 Bd6 10. c4 a5 11. Qc2 a4 12. Nd2 Nb4 13. Qc3 Bc5 14. a3 Nd3 15. b4
Bg4 16. bxc5 Bxe2 17. Rb1 Bxf1 18. Nxf1 Nxc1 19. Qxc1 Nd7 20. Rxb7 Nxc5 21. Rb5
Nb3 22. Qe1 Qe7 23. Qc3 Nd4 24. Rb2 Rab8 25. Ne3 Rb3 26. Rxb3 axb3 27. Bf1 Qxa3
28. c5 Qa2 29. Bc4 Qb1+ 30. Nf1 Qxe4 31. Nd2 Qc2 0-1

[Event "XXXI Festival A"]
[Site "Arco ITA"]
[Date "2009.10.19"]
[Round "3"]
[White "Blasco, Domenico"]
[Black "Facchetti, Lorenzo"]
[Result "1-0"]
[WhiteElo "1984"]
[BlackElo "1836"]
[PlyCount "63"]
[EventDate "2009.10.17"]

1. d4 d5 2. Nf3 Nf6 3. e3 c5 4. c3 Qc7 5. Bd3 g6 6. Nbd2 Bg7 7. O-O O-O 8. Ne5
Nbd7 9. f4 b6 10. Qe1 Bb7 11. Qh4 Rad8 12. Rf3 Ne4 13. Rh3 Ndf6 14. Be2 Bc8 15.
Bg4 Bxg4 16. Nxg4 h5 17. Ne5 Qc8 18. Nxe4 dxe4 19. Bd2 Ng4 20. Nxg4 Qxg4 21.
Qxg4 hxg4 22. Rg3 f5 23. h3 gxh3 24. Rxg6 hxg2 25. Rxg2 cxd4 26. cxd4 Kf7 27.
Kf2 Rc8 28. Bc3 Bf6 29. Rh1 Rh8 30. Rgh2 e6 31. Rh7+ Kg6 32. R1h6# 1-0

[Event "XXXI Festival A"]
[Site "Arco ITA"]
[Date "2009.10.19"]
[Round "3"]
[White "Bonade', Massimo"]
[Black "De Santis, Alessio"]
[Result "1/2-1/2"]
[WhiteElo "2097"]
[BlackElo "2309"]
[PlyCount "67"]
[EventDate "2009.10.17"]

1. d4 b6 2. c4 Bb7 3. Nc3 e6 4. e3 Nf6 5. Nf3 Bb4 6. Bd3 c5 7. O-O O-O 8. Bd2
d6 9. a3 Bxc3 10. Bxc3 Ne4 11. Be1 Nd7 12. Nd2 Nxd2 13. Bxd2 Qh4 14. Bc3 f5 15.
Qe2 Rf6 16. f3 Rh6 17. g3 Qh3 18. b4 Rf8 19. dxc5 bxc5 20. Rad1 g5 21. Qb2 e5
22. Rf2 g4 23. Bf1 Qh5 24. fxg4 Qxg4 25. Rdd2 f4 26. exf4 exf4 27. Bg2 fxg3 28.
Rxf8+ Nxf8 29. h3 Qd7 30. Rd3 Rg6 31. bxc5 Bxg2 32. Qxg2 Qf5 33. Qd5+ Qxd5 34.
Rd4 1/2-1/2

[Event "XXXI Festival A"]
[Site "Arco ITA"]
[Date "2009.10.19"]
[Round "3"]
[White "Bonagura, Stefano"]
[Black "Wagner, Frank"]
[Result "1-0"]
[WhiteElo "2086"]
[BlackElo "1929"]
[PlyCount "67"]
[EventDate "2009.10.17"]

1. d4 Nf6 2. Nf3 g6 3. c4 Bg7 4. Nc3 d5 5. cxd5 Nxd5 6. e4 Nxc3 7. bxc3 O-O 8.
Rb1 b6 9. Be3 Bb7 10. Bd3 Nd7 11. O-O Nf6 12. Qc2 Qc8 13. c4 Ng4 14. Bf4 c5 15.
h3 Nf6 16. d5 Nd7 17. g4 Nf6 18. Bg3 h5 19. g5 Ne8 20. Kg2 Nd6 21. Nh4 e5 22.
f4 exf4 23. Bxf4 Qd7 24. e5 Bc8 25. e6 fxe6 26. Bxg6 Nf5 27. Bxf5 exf5 28. Qd1
Qe8 29. Re1 Qf7 30. g6 Qf6 31. Qxh5 Rd8 32. Bg5 Qd6 33. Qh7+ Kf8 34. Be7+ 1-0

[Event "XXXI Festival A"]
[Site "Arco ITA"]
[Date "2009.10.19"]
[Round "3"]
[White "Bonanzinga, Corrado"]
[Black "Dittmar, Peter"]
[Result "1/2-1/2"]
[WhiteElo "2136"]
[BlackElo "2359"]
[PlyCount "113"]
[EventDate "2009.10.17"]

1. e4 c6 2. d4 d5 3. Nc3 dxe4 4. Nxe4 Nf6 5. Nxf6+ exf6 6. c3 Bd6 7. Bd3 O-O 8.
Ne2 Re8 9. Qc2 Kh8 10. O-O Nd7 11. Ng3 Nf8 12. Ne4 Bc7 13. Bd2 Bf5 14. Rae1
Bxe4 15. Bxe4 Qd6 16. g3 Re7 17. Bd3 Rae8 18. Bc4 Rxe1 19. Rxe1 Rxe1+ 20. Bxe1
b5 21. Bf1 Qe6 22. Qe2 Ng6 23. Qxe6 fxe6 24. Bh3 f5 25. Bd2 h6 26. Kf1 Kg8 27.
Ke2 Kf7 28. Bg2 Ne7 29. h4 Ke8 30. b3 Kd7 31. c4 Bb6 32. Bc3 g5 33. hxg5 hxg5
34. a4 bxa4 35. b4 Bc7 36. Kd3 g4 37. Bf1 Nc8 38. Be2 Nb6 39. Bb2 e5 40. dxe5
Ke6 41. f4 gxf3 42. Bxf3 Bxe5 43. Ba3 Kd7 44. g4 fxg4 45. Bxg4+ Kc7 46. Bd1 a6
47. Bc1 Kb7 48. Bf3 Kc7 49. Bd1 Bf6 50. Bf4+ Kb7 51. Bc1 Be7 52. Ba3 Bf6 53.
Bc1 Nd7 54. Bxa4 a5 55. Bxc6+ Kxc6 56. bxa5 Nc5+ 57. Kc2 1/2-1/2

[Event "XXXI Festival A"]
[Site "Arco ITA"]
[Date "2009.10.19"]
[Round "3"]
[White "Bondielli, Giorgio"]
[Black "Dalponte, Dino"]
[Result "0-1"]
[WhiteElo "1922"]
[BlackElo "2138"]
[PlyCount "104"]
[EventDate "2009.10.17"]

1. e4 d6 2. d4 g6 3. Nf3 Bg4 4. Bd3 Bg7 5. c3 Nd7 6. h3 Bxf3 7. Qxf3 c6 8. O-O
e6 9. Na3 Ne7 10. Bg5 f6 11. Bh4 O-O 12. Bg3 e5 13. Nc2 f5 14. Bh4 fxe4 15.
Qxe4 d5 16. Qe1 e4 17. Be2 Qe8 18. f3 Nf5 19. Bg3 Qe7 20. fxe4 Qxe4 21. Bd1
Nxg3 22. Rxf8+ Nxf8 23. Qxg3 Re8 24. Qf2 Bh6 25. Bf3 Qd3 26. Rd1 Qc4 27. a3 Qb3
28. Re1 Rxe1+ 29. Nxe1 Qa2 30. Kh2 Qb1 31. Qe2 Bf4+ 32. g3 Bd6 33. Nd3 h5 34.
h4 Kf7 35. Bg2 Ne6 36. Bh3 Ng7 37. Ne5+ Bxe5 38. dxe5 Nf5 39. Qf2 Ke6 40. g4
hxg4 41. Bxg4 Qe4 42. Bxf5+ Qxf5 43. Qxa7 Qxe5+ 44. Kh3 Qf5+ 45. Kg3 Qd3+ 46.
Kg4 Qe2+ 47. Kg5 Qh5+ 48. Kf4 Qxh4+ 49. Kf3 Qh3+ 50. Kf4 Qh2+ 51. Kg4 Qg2+ 52.
Kh4 Ke5 0-1

[Event "XXXI Festival A"]
[Site "Arco ITA"]
[Date "2009.10.19"]
[Round "3"]
[White "Borgo, Giulio"]
[Black "Zucchelli, Massimo"]
[Result "1-0"]
[WhiteElo "2434"]
[BlackElo "2159"]
[PlyCount "55"]
[EventDate "2009.10.17"]

1. c4 e6 2. Nf3 Nf6 3. g3 d5 4. d4 dxc4 5. Bg2 Nc6 6. Qa4 Bb4+ 7. Bd2 Nd5 8.
Bxb4 Ndxb4 9. O-O Rb8 10. Na3 O-O 11. Qb5 b6 12. Qxc4 Ba6 13. Nb5 Qd5 14. Qxd5
Nxd5 15. a4 Na5 16. Ne5 Bxb5 17. axb5 Rbc8 18. Bxd5 exd5 19. b4 Nb7 20. Rfc1
Nd6 21. Nc6 Rfe8 22. e3 Nxb5 23. Nxa7 Nxa7 24. Rxa7 c6 25. Rb7 c5 26. bxc5 bxc5
27. Rxc5 Kf8 28. Rd7 1-0

[Event "XXXI Festival A"]
[Site "Arco ITA"]
[Date "2009.10.19"]
[Round "3"]
[White "Bottesi, Gianluca"]
[Black "De Andres Gonalons, Fernando"]
[Result "0-1"]
[WhiteElo "1559"]
[BlackElo "2088"]
[PlyCount "26"]
[EventDate "2009.10.17"]

1. d4 d5 2. c4 dxc4 3. Nc3 c5 4. d5 e6 5. e4 Nf6 6. Bxc4 exd5 7. Nxd5 Nxd5 8.
Bxd5 Be7 9. Qb3 O-O 10. Bxb7 c4 11. Qb5 a6 12. Qd5 Bb4+ 13. Ke2 Bxb7 0-1

[Event "XXXI Festival A"]
[Site "Arco ITA"]
[Date "2009.10.19"]
[Round "3"]
[White "Buck, Klaus-Michael"]
[Black "Nania, Alberto"]
[Result "0-1"]
[WhiteElo "1837"]
[BlackElo "1704"]
[PlyCount "114"]
[EventDate "2009.10.17"]

1. b4 Nf6 2. Bb2 d6 3. e3 Bf5 4. Nf3 Nbd7 5. c4 e6 6. Nc3 Be7 7. Be2 O-O 8. O-O
c5 9. b5 d5 10. d3 Qc7 11. cxd5 exd5 12. Qb3 Nb6 13. Qd1 Rfd8 14. Qe1 Rac8 15.
a4 c4 16. d4 Bb4 17. Qc1 Qd6 18. a5 Nbd7 19. Ba3 Nf8 20. Bxb4 Qxb4 21. Qa3 Qxa3
22. Rxa3 Ng6 23. Nd2 Re8 24. h3 Rcd8 25. Re1 Kf8 26. Bf3 Nh4 27. Be2 Re6 28.
Nf3 Nxf3+ 29. Bxf3 Ne4 30. Rc1 Nxc3 31. Rcxc3 Rg6 32. Kh2 Bd3 33. Ra1 Ke7 34.
Re1 Re6 35. Be2 Bxe2 36. Rxe2 Kd6 37. f3 Rde8 38. Kg1 R6e7 39. Kf2 Re6 40. g3
R6e7 41. g4 h6 42. Kg3 Re6 43. h4 R8e7 44. f4 Re4 45. Kf3 Re8 46. Rg2 Kd7 47.
h5 f6 48. g5 fxg5 49. fxg5 Rf8+ 50. Ke2 Rh4 51. gxh6 gxh6 52. Rg7+ Kc8 53. a6
Rh2+ 54. Ke1 bxa6 55. Rxa7 Rff2 56. b6 Rb2 57. b7+ Kb8 0-1

[Event "XXXI Festival A"]
[Site "Arco ITA"]
[Date "2009.10.19"]
[Round "3"]
[White "Burani, Eugenio"]
[Black "Thompson, Edward Nii Lamptey"]
[Result "1-0"]
[WhiteElo "1948"]
[BlackElo "1818"]
[PlyCount "59"]
[EventDate "2009.10.17"]

1. e4 Nf6 2. e5 Nd5 3. d4 d6 4. Nf3 g6 5. h3 Bg7 6. c3 Nc6 7. exd6 cxd6 8. Bc4
Nf6 9. O-O O-O 10. Bf4 Qc7 11. Na3 a6 12. Rc1 e5 13. dxe5 dxe5 14. Bh2 Qa5 15.
Qe2 e4 16. Nd2 Re8 17. Bb3 Bh6 18. Nac4 Qc5 19. Nd6 Re7 20. Rce1 e3 21. N2c4
Nd5 22. Nxe3 Nxe3 23. fxe3 Bxe3+ 24. Kh1 Bf2 25. Qf3 Bxe1 26. Bxf7+ Kg7 27.
Qf6+ Kh6 28. Bf4+ Kh5 29. Bxg6+ hxg6 30. Qh8+ 1-0